Così si perde la guerra del tempo /

Збережено в:
Бібліографічні деталі
Автори: El Mohtar, Amal (Автор), Gladstone, Max (Автор)
Інші автори: Spano, Simona (Перекладач)
Формат: Книга
Мова:Італійська мова
Опубліковано: Milano : Oscar Mondadori, 2020
Серія:Oscar fantastica
Теги: Додати тег
Немає тегів, Будьте першим, хто поставить тег для цього запису!

MARC

LEADER 00000nam a22000007i 4500
001 IT\ICCU\UBO\4493465
003 ItRI
005 20260220121344.0
008 201203s2020 it |||||| |||||1|||||c
020 |a 9788804729822 (Rist. 2023) 
040 |b ita  |c NP 
041 7 |a ita  |2 ISO-639-2 
082 |a 813.6  |2 14 
100 1 |a El Mohtar, Amal  |0 IT\ICCU\UBOV\024274  |4 aut 
240 1 0 |a This is how you lose the time war  |9 El Mohtar, Amal 
245 1 0 |a Così si perde la guerra del tempo /  |c Amal El-Mohtar, Max Gladstone ; traduzione di Simona Spano. 
260 |a Milano :  |b Oscar Mondadori,  |c 2020 
300 |a 214 p. ;  |c 17 cm 
700 1 |a Gladstone, Max  |0 IT\ICCU\UBOV\024284  |4 aut 
700 1 |a Spano, Simona  |0 IT\ICCU\UBOV\024285  |4 trl 
830 0 |a Oscar fantastica  |0 IT\ICCU\TO0\1961549 
942 |2 ddc  |c BK  |n 0 
952 |0 0  |1 0  |2 ddc  |4 0  |6 813_600000000000000_ELM_COS  |7 0  |9 33104  |a RO  |b RO  |d 2026-02-20  |l 0  |o 813.6 ELM COS  |p 11696  |r 2026-02-20 12:15:08  |w 2026-02-20  |y BK 
981 1 |6 z01  |a i   |b xxxe  
982 1 |6 z01  |a n 
999 |c 28763  |d 28763